[Event "Reti mem."]
[Site "Trnava SVK"]
[Date "2025.08.13"]
[Round "1"]
[White "Haring, Filip"]
[Black "Golubka, Petro"]
[Result "1/2-1/2"]
[WhiteElo "2478"]
[BlackElo "2329"]
[WhiteFideId "-1"]
[BlackFideId "-1"]
[PlyCount "115"]
[GameId "539896776842"]
[EventDate "2025.08.13"]
[EventType "tourn"]
[EventRounds "9"]
[EventCountry "SVK"]
[EventCategory "6"]
[SourceTitle "Mega2025 Update 45"]
[Source "Chessbase"]
[SourceDate "2025.09.12"]
[SourceVersion "1"]
[SourceVersionDate "2025.09.12"]
[SourceQuality "1"]

1. e4 e5 2. Nf3 Nf6 3. Nxe5 d6 4. Nf3 Nxe4 5. Nc3 Nxc3 6. dxc3 Nc6 7. Be3 Be7 8. Qd2 Be6 9. h3 Ne5 10. Nd4 Bc4 11. Nf5 g6 12. Bxc4 Nxc4 13. Qd4 Ne5 14. Nxe7 Qxe7 15. O-O-O g5 16. Rhe1 f6 17. Qd5 O-O-O 18. Bxa7 Qd7 19. Bd4 Rhe8 20. b3 Qc6 21. Qxc6 bxc6 22. c4 c5 23. Bc3 h5 24. Rf1 g4 25. f4 gxf3 26. gxf3 Rg8 27. f4 Nd7 28. Rg1 Rde8 29. Kd2 Rxg1 30. Rxg1 Re4 31. Rg8+ Kb7 32. Rh8 Rxf4 33. Rxh5 Rf2+ 34. Kd1 Ne5 35. Be1 Rh2 36. Rf5 Rxh3 37. Rxf6 Nc6 38. Rf7 Ne5 39. Rg7 Rh1 40. Rg3 Nc6 41. c3 Rh2 42. Bd2 Ne5 43. Re3 Kc6 44. Re2 Rh1+ 45. Kc2 Nf3 46. a4 Kb6 47. Rf2 Ne5 48. Bf4 Nc6 49. Kb2 Rh3 50. Re2 Rf3 51. Be3 Na5 52. Kc2 Kc6 53. Bg5 Rg3 54. Bd2 Rg4 55. Rf2 Rh4 56. Rf4 Rxf4 57. Bxf4 Kb7 58. Be3 1/2-1/2

[Event "Reti mem."]
[Site "Trnava SVK"]
[Date "2025.08.14"]
[Round "2"]
[White "Golubka, Petro"]
[Black "Jancovic, Peter"]
[Result "1-0"]
[WhiteElo "2329"]
[BlackElo "2285"]
[WhiteFideId "-1"]
[BlackFideId "-1"]
[PlyCount "85"]
[GameId "539896782529"]
[EventDate "2025.08.13"]
[EventType "tourn"]
[EventRounds "9"]
[EventCountry "SVK"]
[EventCategory "6"]
[SourceTitle "Mega2025 Update 45"]
[Source "Chessbase"]
[SourceDate "2025.09.12"]
[SourceVersion "1"]
[SourceVersionDate "2025.09.12"]
[SourceQuality "1"]

1. Nf3 Nf6 2. c4 c5 3. Nc3 e6 4. g3 b6 5. Bg2 Bb7 6. O-O Be7 7. Re1 O-O 8. e4 d6 9. d4 Nbd7 10. e5 Ne8 11. exd6 Nxd6 12. d5 exd5 13. Nxd5 Bf6 14. Qd3 b5 15. Nxf6+ Nxf6 16. cxb5 c4 17. Qd4 Nxb5 18. Qxc4 Qd5 19. Qxd5 Bxd5 20. Bf4 Rac8 21. a4 Nc7 22. Be3 a6 23. b4 Ne6 24. Nd4 Rb8 25. Nxe6 fxe6 26. Ba7 Rb7 27. Bc5 Rc8 28. Rxe6 Bxg2 29. Kxg2 a5 30. Rb6 Rxb6 31. Bxb6 axb4 32. Rd1 Rc2 33. a5 Ra2 34. Kf3 Kf7 35. Ke3 Ke6 36. Kd4 Rxf2 37. Kc4 Rxh2 38. a6 Ra2 39. a7 Nd7 40. Bd4 Kd6 41. Kb3 Ra6 42. Rc1 Ne5 43. Ra1 1-0

[Event "Reti mem."]
[Site "Trnava SVK"]
[Date "2025.08.15"]
[Round "3"]
[White "Bango, Lukas"]
[Black "Golubka, Petro"]
[Result "1/2-1/2"]
[WhiteElo "2274"]
[BlackElo "2329"]
[WhiteFideId "-1"]
[BlackFideId "-1"]
[PlyCount "72"]
[GameId "539896785682"]
[EventDate "2025.08.13"]
[EventType "tourn"]
[EventRounds "9"]
[EventCountry "SVK"]
[EventCategory "6"]
[SourceTitle "Mega2025 Update 45"]
[Source "Chessbase"]
[SourceDate "2025.09.12"]
[SourceVersion "1"]
[SourceVersionDate "2025.09.12"]
[SourceQuality "1"]

1. d4 Nf6 2. c4 e6 3. Nf3 a6 4. Nc3 d5 5. cxd5 exd5 6. Bg5 Be6 7. e3 Nbd7 8. Bd3 Bd6 9. O-O c6 10. Bf4 Qb8 11. Qd2 O-O 12. h3 Re8 13. Rfe1 h6 14. Rad1 Nh5 15. Bxd6 Qxd6 16. e4 dxe4 17. Nxe4 Qf4 18. Qxf4 Nxf4 19. Nd6 Nxd3 20. Rxd3 Reb8 21. Nh4 Nf6 22. b3 a5 23. Rg3 Nh5 24. Rge3 Nf4 25. Nhf5 Kh7 26. Rg3 g6 27. Rf3 g5 28. h4 a4 29. Nxh6 axb3 30. axb3 Kxh6 31. hxg5+ Kxg5 32. Re5+ f5 33. Ne4+ Kg4 34. Nf6+ Kg5 35. Ne4+ Kg4 36. Nf6+ Kg5 1/2-1/2

[Event "Reti mem."]
[Site "Trnava SVK"]
[Date "2025.08.16"]
[Round "4"]
[White "Velicka, Petr"]
[Black "Golubka, Petro"]
[Result "1/2-1/2"]
[WhiteElo "2338"]
[BlackElo "2329"]
[WhiteFideId "-1"]
[BlackFideId "-1"]
[PlyCount "21"]
[GameId "539931380096"]
[EventDate "2025.08.13"]
[EventType "tourn"]
[EventRounds "9"]
[EventCountry "SVK"]
[EventCategory "6"]
[SourceTitle "Mega2025 Update 45"]
[Source "Chessbase"]
[SourceDate "2025.09.12"]
[SourceVersion "1"]
[SourceVersionDate "2025.09.12"]
[SourceQuality "1"]

1. e4 e5 2. Nf3 Nc6 3. Bb5 Nf6 4. O-O Nxe4 5. d4 Nd6 6. dxe5 Nxb5 7. a4 Nbd4 8. Nxd4 Nxd4 9. Qxd4 d6 10. exd6 Qxd6 11. Qe4+ 1/2-1/2

[Event "Reti mem."]
[Site "Trnava SVK"]
[Date "2025.08.17"]
[Round "5"]
[White "Golubka, Petro"]
[Black "Ftacnik, Lubomir"]
[Result "1-0"]
[WhiteElo "2329"]
[BlackElo "2442"]
[WhiteFideId "-1"]
[BlackFideId "-1"]
[PlyCount "91"]
[GameId "540021627435"]
[EventDate "2025.08.13"]
[EventType "tourn"]
[EventRounds "9"]
[EventCountry "SVK"]
[EventCategory "6"]
[SourceTitle "Mega2025 Update 45"]
[Source "Chessbase"]
[SourceDate "2025.09.12"]
[SourceVersion "1"]
[SourceVersionDate "2025.09.12"]
[SourceQuality "1"]

1. d4 Nf6 2. c4 g6 3. Nc3 d5 4. cxd5 Nxd5 5. Nf3 Bg7 6. e4 Nxc3 7. bxc3 c5 8. Be3 Qa5 9. Qd2 Nc6 10. Rc1 cxd4 11. cxd4 Qxd2+ 12. Kxd2 O-O 13. Bb5 f5 14. exf5 Bxf5 15. Bxc6 bxc6 16. Rxc6 Rab8 17. Ra1 Rb2+ 18. Kc1 Rb7 19. Rc5 Rfb8 20. Ne5 e6 21. Rc3 Be4 22. f3 Bd5 23. Nd3 Rb5 24. Kd2 Bf8 25. a4 R5b7 26. Rac1 a5 27. Bf4 Re8 28. Ke2 Rb3 29. Rc8 Rxc8 30. Rxc8 Kg7 31. Be5+ Kf7 32. Nf4 Rb2+ 33. Kd3 Bb4 34. Nxd5 exd5 35. Rc7+ Ke8 36. g4 Rb3+ 37. Ke2 Rb2+ 38. Ke3 h5 39. gxh5 gxh5 40. Kf4 Rxh2 41. Kf5 Ra2 42. Ke6 Kd8 43. Rb7 Rc2 44. f4 h4 45. f5 h3 46. f6 1-0

[Event "Reti mem."]
[Site "Trnava SVK"]
[Date "2025.08.18"]
[Round "6"]
[White "Plat, Vojtech"]
[Black "Golubka, Petro"]
[Result "1/2-1/2"]
[WhiteElo "2471"]
[BlackElo "2329"]
[WhiteFideId "-1"]
[BlackFideId "-1"]
[PlyCount "107"]
[GameId "540245760037"]
[EventDate "2025.08.13"]
[EventType "tourn"]
[EventRounds "9"]
[EventCountry "SVK"]
[EventCategory "6"]
[SourceTitle "Mega2025 Update 45"]
[Source "Chessbase"]
[SourceDate "2025.09.12"]
[SourceVersion "1"]
[SourceVersionDate "2025.09.12"]
[SourceQuality "1"]

1. e4 e5 2. Nf3 Nf6 3. Nxe5 d6 4. Nf3 Nxe4 5. Bd3 Nc5 6. Be2 d5 7. O-O Nc6 8. d4 Ne4 9. c4 Be6 10. cxd5 Bxd5 11. Nc3 Nxc3 12. bxc3 Be7 13. c4 Bxf3 14. Bxf3 O-O 15. Be3 Bf6 16. Rb1 Nxd4 17. Rxb7 c6 18. Bxd4 Qxd4 19. Qxd4 Bxd4 20. Bxc6 Rab8 21. Rfb1 Bb6 22. Kf1 Rxb7 23. Bxb7 Rb8 24. Be4 Rc8 25. Bd5 Kf8 26. a4 Ke7 27. Ke2 Rc7 28. Ra1 Ba5 29. Kd3 Kd6 30. Rb1 Bb6 31. f3 f5 32. Bg8 h6 33. Bh7 Rc5 34. f4 g5 35. Rf1 Ke6 36. Bg8+ Kf6 37. Bd5 Ra5 38. fxg5+ hxg5 39. Ra1 Bc7 40. h3 Bd6 41. Ra2 Be5 42. Ke2 Ra6 43. Kd3 Ra5 44. Bc6 Rc5 45. Bb5 Bd6 46. a5 Re5 47. a6 Bc5 48. Rd2 Re6 49. Kc3 Re3+ 50. Kc2 f4 51. Bc6 Re6 52. Bb7 Rd6 53. Re2 Re6 54. Rd2 1/2-1/2

[Event "Reti mem."]
[Site "Trnava SVK"]
[Date "2025.08.19"]
[Round "7"]
[White "Golubka, Petro"]
[Black "Roshka, Yevgeniy"]
[Result "1/2-1/2"]
[WhiteElo "2329"]
[BlackElo "2506"]
[WhiteFideId "-1"]
[BlackFideId "-1"]
[PlyCount "47"]
[GameId "540245760044"]
[EventDate "2025.08.13"]
[EventType "tourn"]
[EventRounds "9"]
[EventCountry "SVK"]
[EventCategory "6"]
[SourceTitle "Mega2025 Update 45"]
[Source "Chessbase"]
[SourceDate "2025.09.12"]
[SourceVersion "1"]
[SourceVersionDate "2025.09.12"]
[SourceQuality "1"]

1. Nf3 Nf6 2. c4 e6 3. d4 c5 4. g3 cxd4 5. Nxd4 d5 6. Bg2 e5 7. Nf3 d4 8. O-O Nc6 9. e3 Be7 10. exd4 exd4 11. Bf4 O-O 12. Ne5 Nxe5 13. Bxe5 Bc5 14. Nd2 Nd7 15. Nb3 Nxe5 16. Nxc5 Nxc4 17. Qe2 Na5 18. Rfd1 Nc6 19. Bxc6 bxc6 20. Qe5 Qb6 21. Qxd4 Bh3 22. b4 Rfe8 23. Qh4 Be6 24. Nxe6 1/2-1/2

[Event "Reti mem."]
[Site "Trnava SVK"]
[Date "2025.08.20"]
[Round "8"]
[White "Jablonicky, Martin"]
[Black "Golubka, Petro"]
[Result "1/2-1/2"]
[WhiteElo "2363"]
[BlackElo "2329"]
[WhiteFideId "-1"]
[BlackFideId "-1"]
[PlyCount "105"]
[GameId "540281095795"]
[EventDate "2025.08.13"]
[EventType "tourn"]
[EventRounds "9"]
[EventCountry "SVK"]
[EventCategory "6"]
[SourceTitle "Mega2025 Update 45"]
[Source "Chessbase"]
[SourceDate "2025.09.12"]
[SourceVersion "1"]
[SourceVersionDate "2025.09.12"]
[SourceQuality "1"]
[WhiteTeam "Slovakia"]
[BlackTeam "Ukraine"]
[WhiteTeamCountry "SVK"]
[BlackTeamCountry "UKR"]

1. e4 e5 2. Nf3 Nf6 3. d4 Nxe4 4. Bd3 Nc6 5. dxe5 d5 6. exd6 Nxd6 7. O-O Be7 8. Nc3 Nb4 9. Be2 Bf6 10. a3 Bxc3 11. axb4 Bf6 12. c3 O-O 13. Be3 b6 14. Nd4 Bb7 15. b5 Re8 16. Re1 Bg5 17. Bf3 Bxe3 18. Rxe3 Rxe3 19. Bxb7 Nxb7 20. fxe3 Nd6 21. Qf3 Qe8 22. b3 g6 23. c4 Kg7 24. Nc6 Qe4 25. Qxe4 Nxe4 26. Nb4 Nc3 27. Kf2 f5 28. Ke1 Kf7 29. Kd2 Ne4+ 30. Kc2 Nf6 31. Nc6 Ng4 32. Kd2 Nxh2 33. Rh1 Ng4 34. Rxh7+ Kf6 35. Nb4 Kg5 36. Rxc7 Rd8+ 37. Ke2 Re8 38. Nd5 Nxe3 39. Re7 Rxe7 40. Nxe7 Nxg2 41. b4 Nf4+ 42. Kf3 Nd3 43. Ke3 Nxb4 44. Nc6 f4+ 45. Kd2 Na2 46. Nxa7 f3 47. Ke3 Kg4 48. Nc6 Kg3 49. Nd4 f2 50. Ne2+ Kg2 51. Nf4+ Kg3 52. Ne2+ Kg2 53. Nf4+ 1/2-1/2

[Event "Royal City Masters"]
[Site "Guelph CAN"]
[Date "2025.08.01"]
[Round "1.13"]
[White "Golubka, Petro"]
[Black "Chen, Yidong"]
[Result "1-0"]
[WhiteElo "2329"]
[BlackElo "2068"]
[WhiteFideId "-1"]
[BlackFideId "-1"]
[PlyCount "83"]
[GameId "2207904570362175"]
[EventDate "2025.08.01"]
[EventType "swiss"]
[EventRounds "9"]
[EventCountry "CAN"]

1. Nf3 c5 2. c4 Nc6 3. Nc3 Nf6 4. g3 d5 5. cxd5 Nxd5 6. Bg2 Nc7 7. O-O e5 8. d3 Be7 9. Nd2 O-O 10. Nc4 f6 11. f4 exf4 12. Bxf4 Be6 13. Bxc7 Qxc7 14. Bd5 Bxd5 15. Nxd5 Qd7 16. e4 f5 17. Nce3 fxe4 18. dxe4 Rxf1+ 19. Qxf1 Rf8 20. Nf5 Kh8 21. Qc4 b5 22. Qd3 c4 23. Qd1 Bc5+ 24. Kg2 Qe6 25. Qg4 g6 26. Nfe3 Rf2+ 27. Kh3 Qxg4+ 28. Nxg4 Rxb2 29. Rf1 h5 30. Ngf6 Ne5 31. g4 hxg4+ 32. Nxg4 Nxg4 33. Kxg4 Rf2 34. Rb1 a6 35. a4 b4 36. Nxb4 a5 37. Nd5 Ra2 38. Rb7 Bd4 39. Rc7 Rxa4 40. Kg5 Ra2 41. Nf4 Rf2 42. Kxg6 1-0

[Event "Royal City Masters"]
[Site "Guelph CAN"]
[Date "2025.08.02"]
[Round "2.4"]
[White "Noritsyn, Nikolay"]
[Black "Golubka, Petro"]
[Result "1/2-1/2"]
[WhiteElo "2462"]
[BlackElo "2329"]
[WhiteFideId "-1"]
[BlackFideId "-1"]
[PlyCount "94"]
[GameId "2206420299948032"]
[EventDate "2025.08.01"]
[EventType "swiss"]
[EventRounds "9"]
[EventCountry "CAN"]

1. e4 e5 2. Nf3 Nf6 3. Nxe5 d6 4. Nd3 Nxe4 5. Qe2 Qe7 6. Nf4 c6 7. d4 d5 8. Be3 Nd7 9. Nd2 Nd6 10. O-O-O Nf6 11. f3 Nf5 12. Bf2 Qxe2 13. Bxe2 Bd6 14. Nd3 h5 15. Rde1 Ne7 16. Nb3 b6 17. Bg3 Bxg3 18. hxg3 Rh6 19. Ne5 Kf8 20. Bd3 Ne8 21. Re2 Nc7 22. Rhe1 Be6 23. g4 hxg4 24. Nxg4 Rh4 25. c3 Rc8 26. Ne3 g6 27. g4 Rh3 28. Nd2 g5 29. Nd1 Kg7 30. Nf2 Rh2 31. Nf1 Rg2 32. Nh3 Rxe2 33. Rxe2 f6 34. Ng3 Kf7 35. Rh2 Rf8 36. Ng1 Ke8 37. Kd2 f5 38. gxf5 Nxf5 39. Bxf5 Bxf5 40. Rh6 Kd7 41. Nh5 Ne8 42. b3 Nd6 43. Ng3 Rf7 44. Rh5 Rg7 45. Nxf5 Nxf5 46. Nh3 Nh4 47. Ke2 Nxf3 1/2-1/2

[Event "Royal City Masters"]
[Site "Guelph CAN"]
[Date "2025.08.02"]
[Round "3.5"]
[White "Golubka, Petro"]
[Black "Song, Edward"]
[Result "1-0"]
[WhiteElo "2329"]
[BlackElo "2395"]
[WhiteFideId "-1"]
[BlackFideId "-1"]
[PlyCount "79"]
[GameId "2206517058400256"]
[EventDate "2025.08.01"]
[EventType "swiss"]
[EventRounds "9"]
[EventCountry "CAN"]

1. Nf3 d5 2. d4 Nf6 3. c4 c6 4. Nc3 e6 5. e3 Nbd7 6. Qc2 Bd6 7. g4 h6 8. Rg1 e5 9. h4 exd4 10. exd4 Qe7+ 11. Be3 dxc4 12. O-O-O Nb6 13. g5 hxg5 14. Bxg5 Be6 15. Re1 O-O-O 16. Bh3 Rde8 17. Bxe6+ fxe6 18. Kb1 Qf7 19. Ne5 Qh5 20. Ng6 Rh6 21. Bxh6 gxh6 22. f4 Nbd5 23. Nxd5 cxd5 24. Ne5 Qxh4 25. Qg6 Rf8 26. Ref1 Qh5 27. f5 exf5 28. Rxf5 Qh4 29. Ng4 Nd7 30. Rxd5 Bc7 31. Qe6 Rd8 32. Nxh6 Qf2 33. Rc1 Bf4 34. Rf5 Qd2 35. Qxc4+ Kb8 36. Nf7 Re8 37. Ne5 Qxc1+ 38. Qxc1 Bxc1 39. Nxd7+ Kc8 40. Nf6 1-0

[Event "Royal City Masters"]
[Site "Guelph CAN"]
[Date "2025.08.03"]
[Round "4.2"]
[White "Sheng, Joshua"]
[Black "Golubka, Petro"]
[Result "1-0"]
[WhiteElo "2480"]
[BlackElo "2329"]
[WhiteFideId "-1"]
[BlackFideId "-1"]
[PlyCount "141"]
[GameId "2206774337007616"]
[EventDate "2025.08.01"]
[EventType "swiss"]
[EventRounds "9"]
[EventCountry "CAN"]

1. e4 e5 2. Nf3 Nf6 3. Nxe5 d6 4. Nf3 Nxe4 5. d3 Nf6 6. d4 d5 7. Bd3 Bd6 8. O-O O-O 9. h3 h6 10. Nc3 Nc6 11. Nb5 Nb4 12. Nxd6 Qxd6 13. Bb5 Bd7 14. Be2 Bf5 15. Ne1 Rfe8 16. c3 Nc6 17. Nd3 Bxd3 18. Bxd3 Ne7 19. Qc2 Nh5 20. Re1 Ng6 21. Bd2 Ngf4 22. Bf1 Nf6 23. g3 Ne6 24. Bg2 c5 25. dxc5 Nxc5 26. Be3 Nce4 27. Rad1 Qc6 28. Qb3 Re6 29. Rd4 b5 30. a4 a6 31. axb5 axb5 32. Rb4 Ra5 33. Qd1 Nc5 34. c4 bxc4 35. Rxc4 Qd6 36. Rc2 Nce4 37. Rc8+ Re8 38. Rxe8+ Nxe8 39. Qc2 N8f6 40. Rd1 Qb8 41. Bd4 Rb5 42. Ra1 Rb4 43. Ra4 h5 44. Rxb4 Qxb4 45. Qc8+ Kh7 46. Bxe4+ dxe4 47. Qf5+ Kg8 48. Bxf6 gxf6 49. Qxf6 Qc5 50. Qc3 Qf5 51. h4 Kf8 52. b4 e3 53. Qxe3 Qb1+ 54. Kg2 Qxb4 55. Qh6+ Kg8 56. Qxh5 Qe4+ 57. Qf3 Qe6 58. Qf4 Qd5+ 59. Kh2 Qa2 60. Qg5+ Kh7 61. Qf5+ Kg7 62. h5 Kh6 63. g4 Qc4 64. Kg3 Kg7 65. Qg5+ Kh7 66. Qf6 Qb3+ 67. Kh4 Qb7 68. h6 Qh1+ 69. Kg5 Qc1+ 70. f4 Qc5+ 71. Qf5+ 1-0

[Event "Royal City Masters"]
[Site "Guelph CAN"]
[Date "2025.08.03"]
[Round "5.8"]
[White "Golubka, Petro"]
[Black "Ling, Chenxuan"]
[Result "1/2-1/2"]
[WhiteElo "2329"]
[BlackElo "2222"]
[WhiteFideId "-1"]
[BlackFideId "-1"]
[PlyCount "41"]
[GameId "2208909640458511"]
[EventDate "2025.08.01"]
[EventType "swiss"]
[EventRounds "9"]
[EventCountry "CAN"]

1. Nf3 d5 2. d4 Nf6 3. c4 e6 4. g3 dxc4 5. Bg2 Nc6 6. O-O Bd7 7. Nc3 Bd6 8. Bg5 h6 9. Bxf6 Qxf6 10. e3 Rb8 11. Nd2 b5 12. a4 a6 13. b3 cxb3 14. Nxb3 O-O 15. axb5 axb5 16. f4 Qe7 17. Ne4 Nb4 18. Nec5 Bc6 19. Bxc6 Nxc6 20. Qd2 Rfd8 21. Qg2 1/2-1/2

[Event "Royal City Masters"]
[Site "Guelph CAN"]
[Date "2025.08.04"]
[Round "6.8"]
[White "Ren, Jesse"]
[Black "Golubka, Petro"]
[Result "0-1"]
[WhiteElo "2114"]
[BlackElo "2329"]
[WhiteFideId "-1"]
[BlackFideId "-1"]
[PlyCount "116"]
[GameId "2209077649843333"]
[EventDate "2025.08.01"]
[EventType "swiss"]
[EventRounds "9"]
[EventCountry "CAN"]

1. e4 e5 2. Nf3 Nf6 3. Nxe5 d6 4. Nf3 Nxe4 5. d4 d5 6. Bd3 Nc6 7. O-O Be7 8. Nbd2 Bf5 9. Re1 Nd6 10. Nf1 O-O 11. Ng3 Bg6 12. c3 a6 13. Bf4 Rb8 14. Re2 Re8 15. Ne5 Nxe5 16. dxe5 Nc4 17. b3 Nb6 18. Bf5 Bg5 19. Qd2 Bxf4 20. Qxf4 Nc8 21. e6 Nd6 22. Bh3 Qf6 23. Qxf6 gxf6 24. Rd1 f5 25. Rxd5 fxe6 26. Rde5 Kf7 27. f4 Rbd8 28. Kf2 h5 29. c4 h4 30. Nf1 Ne4+ 31. Ke1 Rd4 32. Nd2 Nxd2 33. Rxd2 Rxf4 34. Re3 Bh5 35. Rdd3 c5 36. Rd6 Rd4 37. Rb6 Re7 38. Re5 Bg4 39. Bxg4 Rxg4 40. Kf1 h3 41. gxh3 Rf4+ 42. Ke2 Rh4 43. Re3 Kf6 44. Rd6 Rd4 45. Rb6 f4 46. Rc3 Kf5 47. b4 cxb4 48. Rxb4 b5 49. a3 Rxc4 50. Rcxc4 bxc4 51. Rxc4 e5 52. Rc6 Re6 53. Rc5 Rd6 54. Rc3 Rb6 55. Kf2 Rb2+ 56. Kg1 e4 57. Rc5+ Ke6 58. h4 e3 0-1

[Event "Royal City Masters"]
[Site "Guelph CAN"]
[Date "2025.08.05"]
[Round "7.3"]
[White "Golubka, Petro"]
[Black "Atanasov, Anthony"]
[Result "1/2-1/2"]
[WhiteElo "2329"]
[BlackElo "2411"]
[WhiteFideId "-1"]
[BlackFideId "-1"]
[PlyCount "148"]
[GameId "2207496738914304"]
[EventDate "2025.08.01"]
[EventType "swiss"]
[EventRounds "9"]
[EventCountry "CAN"]

1. Nf3 d5 2. d4 e6 3. g3 Nf6 4. Bg2 Be7 5. c4 O-O 6. Qc2 a5 7. O-O Nc6 8. a3 dxc4 9. Qxc4 a4 10. Nc3 Bd7 11. Bf4 Na5 12. Qxc7 Qxc7 13. Bxc7 Nb3 14. Ne5 Nxa1 15. Nxd7 Nxd7 16. Rxa1 Nb8 17. e4 Rc8 18. Bf4 Nd7 19. d5 g5 20. Be3 Ne5 21. Rd1 Bxa3 22. Nxa4 Rxa4 23. bxa3 g4 24. Bf4 f6 25. dxe6 Rxa3 26. Bf1 Ra5 27. h3 h5 28. hxg4 hxg4 29. Be2 Nf3+ 30. Kg2 Re8 31. Rb1 Re7 32. Bd6 Rh5 33. Bxf3 gxf3+ 34. Kxf3 Rxe6 35. Bf4 Rh7 36. Rb4 Rhe7 37. Be3 Kf7 38. Kf4 Kg6 39. g4 b5 40. Rxb5 Rxe4+ 41. Kf3 R7e5 42. Rb6 Re6 43. Rb5 Rc4 44. Rf5 Ree4 45. Rf4 Rxf4+ 46. Bxf4 Rc3+ 47. Ke4 Rb3 48. Be3 Kf7 49. Bd4 Rb4 50. f3 Kg6 51. f4 Ra4 52. Ke3 Ra3+ 53. Ke4 Rg3 54. g5 f5+ 55. Kd5 Rd3 56. Ke5 Rd1 57. Kd5 Rd3 58. Ke5 Rd2 59. Kd5 Rd1 60. Ke5 Kh5 61. Bc3 Rc1 62. Bd4 Rc4 63. Kd5 Rb4 64. Be5 Kg6 65. Ke6 Ra4 66. Bd6 Ra8 67. Ke7 Rh8 68. Be5 Rh7+ 69. Ke6 Rh2 70. Ke7 Re2 71. Ke6 Re1 72. Ke7 Rxe5+ 73. fxe5 f4 74. e6 f3 1/2-1/2

[Event "Royal City Masters"]
[Site "Guelph CAN"]
[Date "2025.08.05"]
[Round "8.5"]
[White "Sai, Krishna GV"]
[Black "Golubka, Petro"]
[Result "0-1"]
[WhiteElo "2390"]
[BlackElo "2329"]
[WhiteFideId "-1"]
[BlackFideId "-1"]
[PlyCount "189"]
[GameId "2207601365553152"]
[EventDate "2025.08.01"]
[EventType "swiss"]
[EventRounds "9"]
[EventCountry "CAN"]

1. e4 e5 2. Nf3 Nf6 3. Nxe5 d6 4. Nf3 Nxe4 5. Nc3 Nxc3 6. dxc3 Nc6 7. Bf4 Be7 8. Qd3 Be6 9. Be2 Qd7 10. Ng5 Bxg5 11. Bxg5 f6 12. Bf4 O-O-O 13. O-O h5 14. b4 Bg4 15. f3 Bf5 16. Qd2 Rhe8 17. h4 d5 18. Rfd1 d4 19. b5 Ne7 20. Bf1 d3 21. cxd3 Qxb5 22. c4 Qa4 23. d4 c5 24. d5 Ng6 25. Bh2 Ne5 26. Re1 b6 27. Bxe5 fxe5 28. Qg5 g6 29. Re3 e4 30. g4 hxg4 31. fxg4 Bd7 32. Rae1 Qxa2 33. Rxe4 Rf8 34. R1e2 Qa1 35. Re1 Qb2 36. R1e2 Qc3 37. Qe5 Qxe5 38. Rxe5 Bxg4 39. Ra2 a5 40. Rg5 Bh5 41. Re5 Rde8 42. Bh3+ Kc7 43. d6+ Kxd6 44. Rd5+ Kc7 45. Rd7+ Kb8 46. Rd6 Ka7 47. Bg2 Bf3 48. Bxf3 Rxf3 49. Rxg6 Rf4 50. Rb2 Rb8 51. h5 Rxc4 52. h6 Rh4 53. Kg2 Ka6 54. Kg3 Rh1 55. Kg2 Rh5 56. Kg3 a4 57. Rb1 Rb7 58. Kg4 Rh2 59. Kg3 Rd2 60. h7 Rd8 61. Rh6 Rh8 62. Rbh1 a3 63. Kf4 a2 64. R6h2 Rbxh7 65. Rxa2+ Kb7 66. Rg1 Rh4+ 67. Ke3 Re8+ 68. Kf3 Rb4 69. Rg7+ Kc6 70. Rg6+ Kb5 71. Rh6 Rb3+ 72. Kf4 c4 73. Ra7 Rb1 74. Rb7 Ka6 75. Rc7 Rf1+ 76. Kg3 Rg8+ 77. Kh2 Rc1 78. Rcc6 Rb8 79. Kg3 Ka5 80. Kf3 b5 81. Ke2 Rd8 82. Rh5 Rc2+ 83. Ke3 Rb8 84. Rcc5 Ka4 85. Rc7 b4 86. Kd4 Kb3 87. Rh3+ c3 88. Kc5 Kb2 89. Kc4 b3 90. Rg3 Rd2 91. Rxc3 Rc2 92. Kd3 Rxc3+ 93. Rxc3 Rd8+ 94. Kc4 Rc8+ 95. Kd4 0-1

[Event "Royal City Masters"]
[Site "Guelph CAN"]
[Date "2025.08.06"]
[Round "9.1"]
[White "Golubka, Petro"]
[Black "Kantans, Toms"]
[Result "1-0"]
[Annotator "hugh_"]
[WhiteElo "2329"]
[BlackElo "2515"]
[WhiteFideId "-1"]
[BlackFideId "-1"]
[PlyCount "73"]
[GameId "2202821293457408"]
[EventDate "2025.08.01"]
[EventType "swiss"]
[EventRounds "9"]
[EventCountry "CAN"]

1. Nf3 c5 2. c4 Nc6 3. Nc3 e5 4. g3 g6 5. Bg2 Bg7 6. O-O Nge7 7. Ne1 d6 8. Nc2 O-O 9. Ne3 Rb8 10. Rb1 a6 11. a4 Nb4 12. b3 Be6 13. Ba3 f5 14. Bxb4 cxb4 15. Ncd5 Nc6 16. Nc2 a5 17. e3 Kh8 18. d4 Ne7 19. Nxe7 Qxe7 20. f4 Rbc8 21. Qd2 Qc7 22. Rfd1 exf4 23. exf4 d5 24. cxd5 Bd7 25. Ne1 b5 26. axb5 Qb6 27. Nf3 Rc3 28. Ne5 Bxb5 29. Rbc1 Rfc8 30. Nc6 Bf6 31. Qe1 Kg7 32. Qe6 Rf8 33. g4 fxg4 34. Qxg4 Rd3 35. Rxd3 Bxd3 36. f5 g5 37. d6 {(scoresheets unreadable. White won in 67 moves)} 1-0

[Event "Piestany Slovakia op-A"]
[Site "Piestany SVK"]
[Date "2025.07.08"]
[Round "1"]
[White "Gaikwad, Siddhant"]
[Black "Golubka, Petro"]
[Result "0-1"]
[WhiteElo "2148"]
[BlackElo "2316"]
[WhiteFideId "-1"]
[BlackFideId "-1"]
[PlyCount "76"]
[GameId "2199643484188045"]
[EventDate "2025.07.08"]
[EventType "swiss"]
[EventRounds "9"]
[EventCountry "SVK"]
[SourceTitle "Mega2025 Update 37"]
[Source "Chessbase"]
[SourceDate "2025.07.17"]
[SourceVersion "1"]
[SourceVersionDate "2025.07.17"]
[SourceQuality "1"]

1. e4 e5 2. Nf3 Nf6 3. Nxe5 d6 4. Nf3 Nxe4 5. d4 d5 6. Bd3 Nc6 7. h3 Be7 8. O-O O-O 9. a3 f5 10. b4 a6 11. Bb2 b5 12. Nbd2 Be6 13. Nb3 Bf6 14. Re1 Re8 15. c3 Bf7 16. a4 Nd6 17. Rxe8+ Qxe8 18. Qf1 bxa4 19. Nc5 a5 20. b5 Na7 21. Rxa4 Naxb5 22. Ne5 Bxe5 23. dxe5 Nc4 24. e6 Bxe6 25. Nxe6 Nxb2 26. Nxg7 Qe5 27. Ra2 Nxd3 28. Qxd3 Nxc3 29. Rc2 Kxg7 30. Rxc3 d4 31. Rc6 Kh8 32. Qb3 Rg8 33. Re6 Qc5 34. Qf3 a4 35. Rc6 Qe5 36. Ra6 Qe1+ 37. Kh2 Qe4 38. Rxa4 c5 0-1

[Event "Piestany Slovakia op-A"]
[Site "Piestany SVK"]
[Date "2025.07.09"]
[Round "2"]
[White "Golubka, Petro"]
[Black "Pattnayak, Nilsu"]
[Result "1/2-1/2"]
[WhiteElo "2316"]
[BlackElo "2205"]
[WhiteFideId "-1"]
[BlackFideId "-1"]
[PlyCount "69"]
[GameId "2199643484200358"]
[EventDate "2025.07.08"]
[EventType "swiss"]
[EventRounds "9"]
[EventCountry "SVK"]
[SourceTitle "Mega2025 Update 37"]
[Source "Chessbase"]
[SourceDate "2025.07.17"]
[SourceVersion "1"]
[SourceVersionDate "2025.07.17"]
[SourceQuality "1"]

1. d4 Nf6 2. c4 e6 3. Nc3 Bb4 4. f3 d5 5. a3 Bxc3+ 6. bxc3 c5 7. cxd5 Nxd5 8. dxc5 f5 9. Nh3 O-O {is the legacy move (9...Qa5). ist old school (9...Da5).} 10. c4 {was the old line (10.Nf4). war die alte Variante (10.Sf4).} Qh4+ 11. Nf2 Ne7 12. e3 Qf6 $146 (12... Nbc6 13. Bb2 Rd8 14. Qc2 e5 15. g3 Qh5 16. f4 Qf7 17. Be2 Be6 18. O-O Ng6 {½-½ Cebalo,M (2505)-Tatai,S (2361) Wch Seniors 16th Arvier 2006 (9)}) 13. Rb1 Nd7 14. Qd4 Qg6 15. h4 Nf6 16. Nd3 Qg3+ 17. Kd2 Nc6 18. Qf4 Nh5 19. Qg5 Qxg5 20. hxg5 Ng3 21. Rg1 e5 22. Nb4 Be6 23. Ke1 Nxf1 24. Nxc6 bxc6 25. Rxf1 Rab8 26. Rb4 Rxb4 27. axb4 Bxc4 28. Rf2 Rd8 29. Rd2 Rxd2 30. Kxd2 Kf7 31. Bb2 Ke6 32. f4 exf4 33. Bxg7 fxe3+ 34. Kxe3 a6 35. Kd4 1/2-1/2